000 01000nas a2200337 4500
001 BR2011007564
003 BR-BrBNA
005 20231205115801.0
007 ta
008 230509b bl.|||p| |||| 00| 00por d
040 _aBR-BrBNA
_bpor
_cBiblioteca Nacional de Agricultura
041 _a(En)
072 _aF30
100 1 _aSoares, T.C.B.
100 1 _aGood-God, P.I.V.
100 1 _aMiranda, F.D. de
100 1 _aSoares, Y.J.B.
100 1 _aSchuster, I.
100 1 _aPiovesan, N.D.
100 1 _aBarros, E.G. de
100 1 _aMoreira, M.A.
245 1 _aQTL mapping for protein content in soybean cultivated in two tropical environments
650 _aSOJA
650 _aMARCADOR MOLECULAR
650 _aCONDIÇÃO AMBIENTAL
650 _aPROTEÍNA
650 _aGENÓTIPO
773 0 _tPesquisa Agropecuária Brasileira (Brazil)
_xISSN 0100-204X
_g(Nov 2008), v. 43(11) p. 1533-1541
_wBR2011007564
909 _a202311
_bLúcia
_c55
_dLúcia Elande
942 _2AGRIS
_n0
_cANA
999 _c215673
_d215673